Les pays qui s'écrivent pareil en anglais et en français - Statistiques

Statistiques générales
  • Ce quiz a été pris 134 fois
  • Le résultat moyen est 46 sur 71
Statistiques - réponses
Réponse % Correct
France
93%
Portugal
81%
Afghanistan
79%
Canada
79%
Monaco
76%
Niger
74%
Pakistan
74%
Kosovo
73%
Nigeria / Nigéria
73%
Luxembourg
72%
Angola
71%
Madagascar
71%
Mali
71%
Togo
71%
Cuba
70%
Kazakhstan
70%
Kenya
70%
Laos
70%
Panama
70%
Venezuela / Vénézuéla
70%
Vietnam / (Vietnam ou Viêtnam)
70%
Iran
69%
Nicaragua
69%
Qatar
69%
Rwanda
69%
Tonga
69%
Turkmenistan / Turkménistan
69%
Costa Rica
67%
Ghana
67%
Guatemala / Guatémala
67%
Kiribati
67%
Paraguay
67%
Tuvalu
67%
Uruguay
67%
Israel / Israël
66%
Lesotho
66%
Vanuatu
66%
Zimbabwe
66%
Belize / Bélize
65%
Liechtenstein
65%
Senegal / Sénégal
65%
Sri Lanka
64%
Yemen / Yémen
64%
Djibouti
63%
Honduras
63%
Oman
63%
Samoa
63%
Botswana
62%
Burundi
62%
Gabon
62%
Guyana
62%
Haiti / Haïti
62%
Benin / Bénin
61%
Burkina Faso
61%
Eswatini
61%
Liberia / Libéria
60%
Nauru
60%
Nepal / Népal
59%
Bahamas
58%
Brunei / Brunéi
58%
Montenegro / Monténégro
58%
Seychelles
58%
Suriname
57%
Malawi
56%
Taiwan / Taïwan
56%
Sierra Leone
55%
Bangladesh
53%
Ukraine
52%
Mozambique
49%
Philippines
46%
Maldives
44%
Aucun quiz correspondant
Distribution des résultats
% des personnes avec chaque résultat
Percentile par nombre de réponses
Votre historique - résultats
Vous n’avez pas pris ce quiz